000 00580cam a2200169 4500500
005 20260405004009.0
041 _afre
042 _adc
100 1 0 _aLarmagnac-Matheron, Octave
_eauthor
245 0 0 _aVoir sans être m’as-tu-vu ? Que cachent les verres fumés d’Emmanuel Macron ?
260 _c2026.
500 _a22
690 _aEmmanuel Macron
690 _aPanoptique
786 0 _nPhilosophie magazine | 197 | 2 | 2026-02-01 | p. 7-7 | 1951-1787
856 4 1 _uhttps://shs.cairn.info/magazine-philosophie-magazine-2026-2-page-7?lang=fr&redirect-ssocas=7080
999 _c2072747
_d2072748